[Event "23rd ETCC Open 2021"]
[Site "Catez"]
[Date "2021.11.20"]
[Round "8.18"]
[White "Van Foreest, Lucas"]
[Black "Berkes, Ferenc"]
[Result "1-0"]
[WhiteElo "2532"]
[BlackElo "2676"]
[Annotator "TA"]
[PlyCount "115"]
[EventDate "2021.11.08"]
[EventType "team-tourn"]
[EventCountry "SLO"]
[SourceTitle "playchess.com"]
[Source "ChessBase"]
[SourceQuality "1"]
[WhiteTeam "Netherlands"]
[BlackTeam "Hungary"]
[WhiteTeamCountry "NED"]
[BlackTeamCountry "HUN"]

{[%evp 12,115,32,15,33,37,40,23,40,20,26,18,28,25,22,0,8,0,0,-10,0,0,4,0,0,0,6,
0,0,0,0,0,0,0,6,0,0,-7,0,-4,-2,-2,-7,-3,0,-11,0,0,25,20,25,0,43,42,40,10,24,31,
64,38,24,30,114,102,78,78,74,77,160,160,168,160,175,183,170,0,160,160,160,160,
249,189,245,226,224,214,129,159,354,343,384,381,1310,1270,1303,1329,1291,691,
29964,29964,29963,29966,29950,6327,1564,1450]} 1. e4 d6 2. d4 Nf6 3. Nc3 e5 4.
Nf3 Nbd7 5. Bc4 Be7 6. O-O O-O 7. a4 $1 {[%mdl 4] outshines the older 7.Re1.}
h6 {C41: Philidor Defence.} 8. h3 Re8 9. Be3 {[#]} exd4 $146 {White has an
edge.} ({Predecessor:} 9... c6 10. Qd3 Bf8 11. Bb3 Nh5 12. dxe5 dxe5 13. Ne2
Qe7 14. Qc4 Ndf6 15. Qd3 Be6 16. Bxe6 Qxe6 {1-0 (34) Savchenko,B (2633)
-Gelazonia,P (2350) Poti 2016}) 10. Bxd4 Nf8 11. Re1 Be6 12. Qd3 c6 13. a5 Qc7
14. Be3 N6d7 15. Ne2 Ne5 16. Nxe5 dxe5 17. Qc3 Bxc4 18. Qxc4 Ne6 19. Red1 b5
20. axb6 axb6 21. Ng3 Kh7 22. Nf5 {Threatening Rxa8.} Bf8 23. Qe2 g6 24. Nh4
Nd4 25. Bxd4 {Strongly threatening Be3.} Rxa1 26. Rxa1 {Hoping for Be3.} exd4
27. Nf3 Bg7 28. Re1 b5 29. h4 Qd7 30. e5 c5 31. Qe4 Re6 32. h5 Kg8 33. Ra1 g5
34. b4 cxb4 35. Ra8+ Re8 36. Nxd4 Rxa8 (36... Bxe5 $11 37. Rxe8+ Qxe8) 37.
Qxa8+ $16 Bf8 38. Qe4 $36 {[%mdl 2048] White is in control.} Bg7 39. g3 Qc8 (
39... Qe8 $142) 40. Nxb5 Qe6 41. Nd4 ({Don't do} 41. Qxb4 $6 Qxe5 42. Qc4 Qe1+
43. Qf1 Qe5 $16) 41... Qc4 42. Kg2 Kh8 43. Kg1 Kg8 44. Qa8+ Kh7 45. Nf5 Bxe5 ({
Worse is} 45... Qxc2 46. Ne7 Bf8 47. Qxf8 Qd1+ 48. Kg2 Qf3+ 49. Kxf3 g4+ 50.
Kg2 b3 51. Qg8#) (45... Qe6 $16 {is a better defense.} 46. Nxg7 Kxg7) 46. Qf8
$18 Qe6 {[#]} 47. Ne7 {[%csl Ge7][%cal Rf8g8]} f6 {aiming for ...Bd6.} 48. Ng6
{[%csl Gg6][%cal Rf8h8]} f5 49. Qxb4 {Intending Qb7+ and mate.} Bg7 $2 {
[#] Loses the game.} (49... Bd6 $16 {might work better.} 50. Qd4 Kg8 51. Qh8+
Kf7) 50. Qe7 $1 {[%cal Re7e6]} Qc8 51. Qf7 f4 $2 (51... Qxc2 52. Ne7 Qd1+ 53.
Kg2 Qd8 54. Qg6+ Kh8) 52. Ne7 Qf8 53. Qf5+ Qxf5 54. Nxf5 fxg3 55. fxg3 Bf8 56.
g4 Kg8 57. Kg2 Kf7 58. Kf3 {Weighted Error Value: White=0.08/Black=0.30} 1-0

[Event "23rd ETCC Open 2021"]
[Site "Catez"]
[Date "2021.11.20"]
[Round "8.19"]
[White "Gledura, Benjamin"]
[Black "Van Foreest, Jorden"]
[Result "1/2-1/2"]
[WhiteElo "2635"]
[BlackElo "2701"]
[Annotator "TA"]
[PlyCount "34"]
[EventDate "2021.11.08"]
[EventType "team-tourn"]
[EventCountry "SLO"]
[SourceTitle "playchess.com"]
[Source "ChessBase"]
[SourceQuality "1"]
[WhiteTeam "Hungary"]
[BlackTeam "Netherlands"]
[WhiteTeamCountry "HUN"]
[BlackTeamCountry "NED"]

{[%evp 9,34,6,7,0,11,6,29,0,0,0,6,7,17,12,15,30,20,27,33,22,34,0,24,0,28,0,0]} 
1. d4 d5 2. c4 e6 3. Nf3 c5 4. e3 Nf6 5. cxd5 exd5 6. Bb5+ {D30: Queen's
Gambit Declined: Systems without Nc3.} Nbd7 7. dxc5 {With the idea b4.} a6 8.
Be2 {White has an edge.} Nxc5 9. O-O {[#]} Be7 $146 ({Predecessor:} 9... Bd6
10. b3 O-O 11. Bb2 Bg4 12. Nc3 Rc8 13. Rc1 {1/2-1/2 (13) Ratkovic,M (2431)
-Perunovic,M (2569) Subotica 2019}) 10. b3 O-O 11. Bb2 Bf5 12. Nc3 Rc8 13. Rc1
Qd7 14. Nd4 Bg6 15. Nf3 Bf5 16. Nd4 Bg6 17. Nf3 Bf5 {Not much happened in this
game.  Weighted Error Value: White=0.10/Black=0.02} 1/2-1/2

[Event "23rd ETCC Open 2021"]
[Site "Catez"]
[Date "2021.11.20"]
[Round "8.20"]
[White "Warmerdam, Max"]
[Black "Kantor, Gergely"]
[Result "1/2-1/2"]
[WhiteElo "2608"]
[BlackElo "2566"]
[Annotator "TA"]
[PlyCount "127"]
[EventDate "2021.11.08"]
[EventType "team-tourn"]
[EventCountry "SLO"]
[SourceTitle "playchess.com"]
[Source "ChessBase"]
[SourceQuality "1"]
[WhiteTeam "Netherlands"]
[BlackTeam "Hungary"]
[WhiteTeamCountry "NED"]
[BlackTeamCountry "HUN"]

{[%evp 13,127,10,19,14,6,-8,0,-3,-8,-10,8,0,24,16,26,0,0,0,0,0,0,-3,0,0,0,0,18,
-17,-21,-35,-16,-13,-18,-26,0,-7,14,9,14,17,17,18,21,19,27,20,36,36,36,36,33,
10,0,0,26,35,43,8,30,26,37,28,25,18,29,21,23,23,23,0,0,0,31,0,0,0,28,22,43,15,
44,25,43,20,41,28,50,50,50,50,50,50,50,50,50,50,50,50,50,50,89,31,115,31,63,31,
63,31,63,31,63,0,56,31,63,0]} 1. e4 e5 2. Nf3 Nc6 3. Bb5 a6 4. Ba4 Nf6 5. O-O
Be7 6. Bxc6 dxc6 7. d3 Nd7 8. Be3 {C85: Closed Ruy Lopez: Deferred Exchange
Variation.} O-O 9. Nc3 Re8 10. a4 {[#] The position is equal.} a5 $146 ({
Predecessor:} 10... Bf6 11. h3 Nf8 12. Ne2 Ne6 13. Kh1 a5 14. Nd2 b6 15. b3 c5
16. Rc1 g6 {1/2-1/2 (25) Motylev,A (2654)-Bu,X (2722) Harbin 2019}) 11. Ne2 Bf8
12. Nd2 c5 13. Nc4 b6 14. Ng3 Nb8 15. Qd2 Nc6 16. f4 exf4 17. Bxf4 Be6 18. b3
Nd4 19. Kh1 c6 20. Rab1 b5 21. Ne3 Ra7 22. Qf2 f6 23. Nef5 Rd7 24. Be3 Kh8 25.
Ra1 Bf7 26. Nxd4 cxd4 27. Bd2 b4 28. Qf3 Bd6 29. Nf5 Be5 30. Rf2 Be6 31. g4 c5
32. Qh3 Rf7 33. Bf4 Qc7 34. Raf1 Bd7 35. Nh4 {[#] Strongly threatening Ng6+.}
Kg8 {With the idea ...Bxf4.} 36. Bxe5 Qxe5 37. Nf3 Qf4 38. Rg2 Ref8 39. Qh5 Qd6
40. Nd2 Be6 41. h3 Qe5 {[#] And now ...Qxh5 would win.} 42. Qh4 Qd6 (42... g5
$5 {[%cal Rg5h4]} 43. Qg3 Qxg3 44. Rxg3 h5 $11) 43. Qh5 Qe5 44. Qh4 Qd6 45. Rf3
Qe5 46. Kg1 Qd6 47. Qh5 Qc7 48. Rgf2 Qc6 49. Qh4 Qc7 50. Kf1 Qd6 51. Ke1 Qc7
52. Kd1 Qd6 53. Kc1 Qc7 54. Rg2 Qe7 55. Qg3 Qd8 56. h4 Qd7 57. h5 ({White
should play} 57. g5 $16) 57... Qc7 (57... h6 $14) 58. Qf2 (58. g5 $16 {Hoping
for gxf6.} Qxg3 59. Rfxg3 (59. Rgxg3 fxg5 60. Rxf7 Rxf7 $14)) 58... Qe5 59. Rh3
(59. h6 $5) 59... Qd6 60. Kb1 Qc7 61. Rg1 Qd6 62. Rg2 Qc7 63. Rh1 Qd6 64. Rh3 {
Weighted Error Value: White=0.12/Black=0.13} (64. h6 $14) 1/2-1/2

[Event "23rd ETCC Open 2021"]
[Site "Catez"]
[Date "2021.11.20"]
[Round "8.21"]
[White "McShane, Luke J"]
[Black "Andersen, Mads"]
[Result "1/2-1/2"]
[WhiteElo "2667"]
[BlackElo "2575"]
[Annotator "TA"]
[PlyCount "86"]
[EventDate "2021.11.08"]
[EventType "team-tourn"]
[EventCountry "SLO"]
[SourceTitle "playchess.com"]
[Source "ChessBase"]
[SourceQuality "1"]
[WhiteTeam "England"]
[BlackTeam "Denmark"]
[WhiteTeamCountry "ENG"]
[BlackTeamCountry "DEN"]

{[%evp 15,86,0,0,0,0,7,8,2,6,2,11,0,2,6,13,0,13,0,24,-14,10,0,0,0,2,0,0,0,0,1,
8,4,8,0,0,0,1,3,4,3,2,0,0,0,0,0,0,0,0,0,0,0,0,-6,-6,-6,-6,-6,0,-20,-20,-16,-17,
-20,-14,-15,-18,-18,-15,-19,-22,-24,-21]} 1. e4 e5 2. Nf3 Nc6 3. Bb5 a6 4. Bxc6
dxc6 5. O-O Bd6 6. d4 exd4 7. Qxd4 f6 8. Nbd2 Be6 9. e5 {C68: Ruy Lopez:
Exchange Variation, sidelines.} fxe5 10. Nxe5 Ne7 11. Ndf3 {The position is
equal.} O-O 12. Re1 Bd5 13. Bg5 {[#]} h6 $146 ({Predecessor:} 13... Bxf3 14.
Bxe7 Bxe7 15. Nxf3 Qxd4 16. Nxd4 Bf6 17. Ne6 Bxb2 18. Rab1 Bc3 19. Re3 Rfe8 20.
Rxb7 {1-0 (40) Dolzhikova,K (2267)-Arnaudov,P (2474) Fornebu 2016}) 14. Bxe7
Bxe7 15. Rad1 Bf6 16. Qb4 Qc8 17. b3 a5 18. Qc5 Qf5 {...b6 is the strong
threat.} 19. g4 Qc8 20. Rxd5 Bxe5 21. Nxe5 cxd5 22. Qxd5+ Kh7 23. Qe4+ Kg8 24.
Qd5+ Kh7 25. Qe4+ Kg8 26. Ng6 {[#] Hoping for Ne7+.} Re8 {[%cal Re8e4]} 27.
Qc4+ Kh7 28. Ne7 $1 Qd7 29. Re6 Red8 30. Qe4+ Kh8 31. Ng6+ Kg8 32. Ne7+ Kh8 {
[#] White must now prevent ...Qd1+.} 33. Ng6+ (33. Kg2 {looks sharper.} Ra6 34.
Ng6+ Kg8 35. Re5 Rf6 36. h4) 33... Kg8 34. Re7 (34. Kg2 {feels hotter.} Ra6 35.
Re5 Rf6 36. h4 Qd1 37. Ne7+) 34... Qc6 35. Qxc6 bxc6 36. Rxc7 $11 {[%mdl 4096]
Endgame KRR-KRN} a4 37. Kg2 Rd2 38. Rxc6 axb3 39. axb3 Ra2 40. Rc8+ Kf7 41.
Ne5+ Kf6 42. Nc4 Rdxc2 43. Rf8+ $1 Ke7 {Not much happened in this game. 
Weighted Error Value: White=0.04/Black=0.03} 1/2-1/2

[Event "23rd ETCC Open 2021"]
[Site "Catez"]
[Date "2021.11.20"]
[Round "8.22"]
[White "Thybo, Jesper Sondergaard"]
[Black "Jones, Gawain C B"]
[Result "0-1"]
[WhiteElo "2604"]
[BlackElo "2654"]
[Annotator "TA"]
[PlyCount "74"]
[EventDate "2021.11.08"]
[EventType "team-tourn"]
[EventCountry "SLO"]
[SourceTitle "playchess.com"]
[Source "ChessBase"]
[SourceQuality "1"]
[WhiteTeam "Denmark"]
[BlackTeam "England"]
[WhiteTeamCountry "DEN"]
[BlackTeamCountry "ENG"]

{[%evp 23,74,46,60,57,54,52,70,50,55,47,101,73,77,9,25,16,111,80,105,80,105,22,
43,40,26,51,88,33,27,0,0,0,0,0,51,71,125,118,455,8,8,8,8,-29974,-29974,-29987,
-29988,-29988,-29989,-29993,-29994,-29995,-29996]} 1. d4 Nf6 2. c4 g6 3. Nc3
Bg7 4. e4 d6 5. Nf3 O-O 6. Be2 e5 7. O-O Nc6 8. d5 Ne7 9. Ne1 Nd7 10. Nd3 f5
11. f3 f4 12. b4 {is now more promising than 12.Bd2.} g5 {12...Nf6 is not
played anymore.} 13. c5 {E99: King's Indian: Classical Main Line: 9 Ne1 Nd7 10
f3 f5.} Nf6 14. a4 h5 15. a5 {White is slightly better.} Ng6 16. Nf2 {[#]} Kh8
$1 $146 {[%mdl 8] An important novelty.} ({Black should try} 16... Rf7 $14) ({
Predecessor:} 16... Rf7 17. Kh1 Bf8 18. c6 bxc6 19. dxc6 Be6 20. b5 Ne7 21. Rg1
Rg7 22. g3 Qe8 {1-0 (49) Firouzja,A (2682)-Aryan,C (2553) Xingtai 2019}) 17. a6
bxa6 18. c6 (18. Bd2 $16) 18... Rb8 $11 19. Bxa6 g4 (19... Rxb4 $11 {remains
equal.} 20. Nd3 Rb8) 20. Bxc8 $16 Qxc8 21. b5 Bh6 22. Rxa7 ({White should play
} 22. fxg4 $16 hxg4 23. g3 (23. Rxa7 Rf7 $16)) 22... Nh4 $11 23. fxg4 {
Strongly threatening g3.} Rg8 $1 24. Kh1 hxg4 {And now ...g3 would win.} 25. g3
(25. Nd3 $1 $16) 25... Nf3 {[#]} 26. Nxg4 $1 Nxh2 $1 27. Nxh2 {Hoping for Rf3.}
(27. Nxh6 {gets mated.} Qh3 28. Nf7+ Kh7 29. Qh5+ Nxh5 30. Ng5+ Rxg5 31. Rxc7+
Kg8 32. Rg7+ Rxg7 33. Kg1 Qxf1+ 34. Kxh2 fxg3#) 27... Qh3 28. Rf3 {Threatens
to win with Qf1.} (28. Rxc7 {is a self mate.} fxg3 29. Rh7+ Kxh7 30. Rf2 gxf2
31. Qf1 Qxf1+ 32. Nxf1 Rg1+ 33. Kh2 Rh8 34. Ng3 Bxc1 35. Kh3 Kg8+ 36. Nh5 Rxh5#
) 28... fxg3 {[#]} (28... Rxg3 $11 29. Ra2 Rbg8 30. Rxg3 fxg3 {[%mdl 64] Pin}
31. Bxh6 Ng4 {[%mdl 64] Pin} 32. Bg7+ Rxg7) 29. Ra2 $1 $14 Ng4 {[%mdl 64] Pin}
30. Bxh6 Qh4 $2 {[%mdl 8192] [#]} (30... Qxh6 $16 31. Rxg3 Nf2+ 32. Rxf2 Rxg3)
31. Bf4 $1 exf4 $11 32. Rxf4 Rbf8 $1 $36 {[%cal Rf8f4][%mdl 2048] [#] Black is
pushing.} 33. Qd4+ $2 {[%mdl 8192]} ({But not} 33. Rxg4 $2 Rxg4 34. Rg2 Rgf4
$19) (33. Qf3 $1 $11 Rxf4 34. Qxf4 gxh2 35. Rxh2 Qxh2+ 36. Qxh2+ Nxh2 37. Kxh2)
33... Kh7 {Black mates.} 34. e5 gxh2 35. Qd3+ Kh8 36. Rxf8 Rxf8 37. Qd1 Qh3 {
Weighted Error Value: White=0.66/Black=0.28} 0-1

[Event "23rd ETCC Open 2021"]
[Site "Catez"]
[Date "2021.11.20"]
[Round "8.23"]
[White "Howell, David W L"]
[Black "Bjerre, Jonas Buhl"]
[Result "1/2-1/2"]
[WhiteElo "2648"]
[BlackElo "2569"]
[Annotator "TA"]
[PlyCount "92"]
[EventDate "2021.11.08"]
[EventType "team-tourn"]
[EventCountry "SLO"]
[SourceTitle "playchess.com"]
[Source "ChessBase"]
[SourceQuality "1"]
[WhiteTeam "England"]
[BlackTeam "Denmark"]
[WhiteTeamCountry "ENG"]
[BlackTeamCountry "DEN"]

{[%evp 9,92,16,19,0,0,0,0,0,6,0,20,20,20,16,25,6,6,7,14,12,14,0,0,0,0,0,14,7,
13,7,7,7,14,7,7,14,10,10,25,25,25,25,25,0,25,16,0,0,0,0,0,0,0,0,0,0,0,0,0,0,0,
0,0,0,0,0,0,0,0,0,0,0,0,0,0,0,0,0,0,0,0,0,0,0,0]} 1. Nf3 c5 2. c4 Nc6 3. Nc3
Nf6 4. e3 e5 5. d4 e4 6. d5 {With the idea Nd2. A34: Symmetrical English: 2
Nc3, lines with ...d5.} exf3 7. dxc6 dxc6 8. Qxd8+ Kxd8 9. gxf3 g6 10. b3 Bg7
11. Bb2 b6 {[#]} 12. Ne2 $146 ({Predecessor:} 12. O-O-O+ Ke7 13. Bd3 Bh3 14.
Rhg1 Rad8 15. f4 Ng4 16. Ne4 Bxb2+ 17. Kxb2 Nxh2 18. Be2 {1-0 (58) Svane,R 
(2613)-Preotu,R (2487) Chess.com INT 2021}) 12... Nh5 13. O-O-O+ Kc7 14. Bxg7
Nxg7 15. Nf4 a5 16. a4 Bd7 17. h4 h5 18. Be2 Rad8 19. Kc2 (19. Nh3 {with more
complications.} Ne6 20. Bd3 Rhe8 21. Kb2 Re7 22. Kc3) 19... Bf5+ 20. Kc3 Rxd1 (
20... Rde8 {seems wilder.} 21. Rd2 Rhf8 22. Rhd1 Bc8 23. Bd3 Rd8) 21. Rxd1 Rd8
22. Rg1 Kd6 23. Nd3 Bxd3 24. Bxd3 $11 {[%mdl 4096] Endgame KRB-KRN} Ke7 25. f4
Kf6 26. Kc2 Rd7 27. Bf1 Nf5 {The position is equal.} 28. Bh3 Rd6 29. Bxf5 Kxf5
{KR-KR} 30. f3 f6 31. Rg2 Rd8 32. Rg3 Rd7 33. Rh3 Rd8 34. Rh2 Rd7 35. Rh1 Rd8
36. Rh3 Rd7 37. Rh2 Rd8 38. Rg2 Rd7 39. Rg1 Rd8 40. Kc3 Rd7 41. Rh1 Rd8 42. Kc2
Rd7 43. Rh2 Rd8 44. Rd2 Rxd2+ 45. Kxd2 Ke6 46. e4 f5 {Not much happened in
this game.  Weighted Error Value: White=0.04/Black=0.03} 1/2-1/2

[Event "23rd ETCC Open 2021"]
[Site "Catez"]
[Date "2021.11.20"]
[Round "8.24"]
[White "Hansen, Sune Berg"]
[Black "Haria, Ravi"]
[Result "1/2-1/2"]
[WhiteElo "2543"]
[BlackElo "2497"]
[Annotator "ChessBase"]
[PlyCount "103"]
[EventDate "2021.11.08"]
[EventType "team-tourn"]
[EventCountry "SLO"]
[SourceTitle "playchess.com"]
[Source "ChessBase"]
[SourceQuality "1"]
[WhiteTeam "Denmark"]
[BlackTeam "England"]
[WhiteTeamCountry "DEN"]
[BlackTeamCountry "ENG"]
[TimeControl "40/5400+30:1800+30"]

1. d4 e6 2. c4 Nf6 3. Nc3 Bb4 4. e3 O-O 5. Bd3 d5 6. Nge2 dxc4 7. Bxc4 b6 8.
O-O Bb7 9. a3 Bd6 10. Ng3 c5 11. dxc5 Bxc5 12. Qe2 Nbd7 13. Rd1 Qe7 14. b4 Bd6
15. Bb2 a6 16. b5 a5 17. Na4 Rab8 18. Nh5 Ba8 19. Bd3 Be5 20. Nxf6+ Bxf6 21.
Bxh7+ Kxh7 22. Qd3+ Kg8 23. Qxd7 Bd5 24. Qxe7 Bxe7 25. Be5 Rb7 26. Rdc1 Bb3 27.
Nb2 f6 28. Rc7 Rxc7 29. Bxc7 a4 30. Bxb6 Rb8 31. Bd4 Rxb5 32. h3 e5 33. Bc3 Rb7
34. Nd3 Rd7 35. Bb4 Rxd3 36. Bxe7 Kf7 37. Bb4 Rd1+ 38. Rxd1 Bxd1 39. Kf1 Bb3
40. Ke2 e4 41. h4 g6 42. Kd2 f5 43. Kc3 Ke6 44. Kd4 Bd1 45. Bc3 Be2 46. Ba5 Bd1
47. Bd8 Be2 48. Kc5 Bd1 49. Kc6 Be2 50. Bg5 Bf1 51. Bf4 Be2 52. Kc5 1/2-1/2

[Event "23rd ETCC Open 2021"]
[Site "Catez"]
[Date "2021.11.20"]
[Round "8.25"]
[White "Mastrovasilis, Dimitrios"]
[Black "Deac, Bogdan-Daniel"]
[Result "1/2-1/2"]
[WhiteElo "2619"]
[BlackElo "2651"]
[Annotator "TA"]
[PlyCount "61"]
[EventDate "2021.11.08"]
[EventType "team-tourn"]
[EventCountry "SLO"]
[SourceTitle "playchess.com"]
[Source "ChessBase"]
[SourceQuality "1"]
[WhiteTeam "Greece"]
[BlackTeam "Romania"]
[WhiteTeamCountry "GRE"]
[BlackTeamCountry "ROU"]

{[%evp 15,61,-2,2,0,8,13,10,5,15,0,0,0,0,0,0,0,0,0,0,0,0,0,18,16,18,15,15,7,7,
7,7,7,7,7,10,6,6,5,5,0,0,0,0,0,5,0,10,10]} 1. e4 e5 2. Nf3 Nc6 3. Nc3 Nf6 4. d4
exd4 5. Nxd4 Bb4 6. Nxc6 bxc6 7. Bd3 O-O 8. O-O d5 {The position is equal.} 9.
exd5 {C47: Scotch Four Knights and Four Knights with 4 g3.} Bg4 10. f3 Bh5 11.
Bg5 cxd5 12. Nxd5 Qxd5 13. Bxf6 {[#] Hoping for Bxh7+!} Qc5+ 14. Kh1 gxf6 15.
a3 $1 Ba5 {Strongly threatening ...Bb6.} 16. b4 Bxb4 17. axb4 Qxb4 18. Ra6 Qc3
19. Qa1 Qxa1 20. Rfxa1 Bg6 21. Rxa7 Rxa7 22. Rxa7 Bxd3 23. cxd3 $11 {[%mdl
4096] Endgame KR-KR} Rb8 {[%cal Rb8b1] [#]} 24. h3 $146 ({Predecessor:} 24. g4
Rb3 25. Rxc7 Rxd3 26. Kg2 Kg7 27. Kg3 h6 28. h4 Rd4 29. Rc5 Rb4 30. g5 fxg5 31.
hxg5 hxg5 32. Rxg5+ {1/2-1/2 (40) Popov,I (2608)-Motylev,A (2659) Yaroslavl
2018}) 24... Rb3 25. Rxc7 Rxd3 26. Kh2 Kg7 27. Kg3 Rd4 28. Rc5 Kg6 29. Kf2 Rd2+
30. Kg3 f5 31. Rc6+ {An uneventful encounter.  Weighted Error Value: White=0.
03/Black=0.02} 1/2-1/2

[Event "23rd ETCC Open 2021"]
[Site "Catez"]
[Date "2021.11.20"]
[Round "8.26"]
[White "Lupulescu, Constantin"]
[Black "Pavlidis, Antonios"]
[Result "1-0"]
[WhiteElo "2624"]
[BlackElo "2536"]
[Annotator "TA"]
[PlyCount "75"]
[EventDate "2021.11.08"]
[EventType "team-tourn"]
[EventCountry "SLO"]
[SourceTitle "playchess.com"]
[Source "ChessBase"]
[SourceQuality "1"]
[WhiteTeam "Romania"]
[BlackTeam "Greece"]
[WhiteTeamCountry "ROU"]
[BlackTeamCountry "GRE"]

{[%evp 12,75,27,23,37,41,66,15,22,23,16,20,31,3,0,2,25,13,55,0,0,0,0,0,110,106,
107,106,108,94,109,100,99,53,141,80,135,124,131,134,139,136,107,110,129,129,
131,133,204,161,170,172,164,131,199,210,453,338,443,414,401,445,1002,985,877,
-816]} 1. c4 e6 2. Nc3 d5 3. d4 Nf6 4. cxd5 exd5 5. Bg5 Bb4 6. e3 h6 7. Bh4 g5
{D35: Queen's Gambit Declined: Exchange Variation.} 8. Bg3 Ne4 9. Qc2 (9. Nge2
$14) 9... h5 $11 {The position is equal.} 10. f3 Nxg3 11. hxg3 {[#]} Be6 $146 (
{Predecessor:} 11... c6 12. O-O-O Be6 13. Bd3 Nd7 14. Nge2 Nb6 15. Kb1 Qe7 16.
g4 h4 17. Na4 Nxa4 18. Qxa4 {1-0 (40) Mamedyarov,S (2772)-Motylev,A (2640)
Moscow 2019}) 12. O-O-O Nd7 13. e4 c6 14. Bd3 Qa5 15. a3 (15. exd5 $14 cxd5 16.
Nge2) 15... Bxc3 16. Qxc3 Qxc3+ 17. bxc3 c5 (17... dxe4 $11 {remains equal.}
18. fxe4 f6) 18. exd5 $16 Bxd5 19. c4 Bc6 20. d5 Ba4 21. Re1+ Kf8 22. Ne2 Nb6 (
22... b5 $14) 23. Kb2 (23. Kd2 $142) 23... Bd7 (23... Re8 $142) 24. g4 Na4+ 25.
Kc2 h4 {[#]} 26. Ng3 $1 {[%mdl 576] Pin} b5 27. cxb5 c4 28. Bxc4 Rc8 {[#]} 29.
Kb3 Nb6 {[#]} (29... a6 $16) 30. Re4 $1 Rb8 (30... Kg7 31. Nh5+) 31. Nf5 Nxc4
32. Kxc4 {Threatens to win with Nd4.} Rxb5 {[#]} (32... Bxb5+ $16 {was called
for.} 33. Kd4 Bd7) 33. Rhe1 $1 $18 {Hoping for Re7.} h3 $2 (33... Rb8 {was
worth a try.} 34. Nd6 Rh6) 34. gxh3 {Strongly threatening Re7.} Rxh3 35. Re7
Rb7 36. R1e3 Rc7+ (36... Rh1 $142 37. Rxf7+ {[%mdl 64] Decoy} Kxf7 38. Nd6+ {
[%mdl 64] Double Attack} Kf6 39. Nxb7 Rb1) 37. Kd4 Rh1 38. Ke4 $4 {[%mdl 40960]
Weighted Error Value: White=0.17/Black=0.35. Sensor Board Error (Ke4/e5)?} (38.
Ke5 $18 Rb7 39. d6) 1-0

[Event "23rd ETCC Open 2021"]
[Site "Catez"]
[Date "2021.11.20"]
[Round "8.27"]
[White "Kourkoulos-Arditis, Stamatis"]
[Black "Jianu, Vlad-Cristian"]
[Result "1-0"]
[WhiteElo "2524"]
[BlackElo "2522"]
[Annotator "ChessBase"]
[PlyCount "119"]
[EventDate "2021.11.08"]
[EventType "team-tourn"]
[EventCountry "SLO"]
[SourceTitle "playchess.com"]
[Source "ChessBase"]
[SourceQuality "1"]
[WhiteTeam "Greece"]
[BlackTeam "Romania"]
[WhiteTeamCountry "GRE"]
[BlackTeamCountry "ROU"]
[TimeControl "40/5400+30:1800+30"]

1. d4 Nf6 2. c4 e6 3. Nf3 d5 4. g3 Be7 5. Bg2 O-O 6. O-O dxc4 7. Qc2 a6 8. a4
Bd7 9. Rd1 Bc6 10. Nc3 Bxf3 11. Bxf3 Nc6 12. Bxc6 bxc6 13. a5 Rb8 14. Ra4 Rb4
15. Na2 Rxa4 16. Qxa4 Qd5 17. Nc3 Qh5 18. Qxc6 Qxa5 19. Qxc4 Rb8 20. e4 Rb4 21.
Qc6 Qb6 22. Qa8+ Bf8 23. d5 e5 24. Be3 Qb7 25. Qxb7 Rxb7 26. Ra1 Rxb2 27. Rxa6
Rb3 28. Rc6 Bd6 29. Kg2 Kf8 30. Kf3 Ke8 31. g4 h5 32. h3 hxg4+ 33. hxg4 Kd7 34.
Ne2 Bb4 35. g5 Ne8 36. g6 Ke7 37. Ng3 Bd6 38. gxf7 Kxf7 39. Nf1 Ke7 40. Nd2 Rb4
41. Nc4 Kf7 42. Ke2 Nf6 43. f3 Nh5 44. Bd2 Ra4 45. Nxd6+ cxd6 46. Rxd6 g6 47.
Rc6 Ra3 48. Rc2 Kf6 49. Kf2 Rb3 50. Bc1 Rb1 51. Rc6+ Kf7 52. Rc7+ Ke8 53. Bg5
Rb2+ 54. Ke3 Rb3+ 55. Ke2 Rb6 56. Re7+ Kf8 57. Rxe5 Rb2+ 58. Kd3 Rb3+ 59. Kc4
Rxf3 60. d6 1-0

[Event "23rd ETCC Open 2021"]
[Site "Catez"]
[Date "2021.11.20"]
[Round "8.28"]
[White "Gavrilescu, David"]
[Black "Kelires, Andreas"]
[Result "0-1"]
[WhiteElo "2514"]
[BlackElo "2535"]
[Annotator "ChessBase"]
[PlyCount "96"]
[EventDate "2021.11.08"]
[EventType "team-tourn"]
[EventCountry "SLO"]
[SourceTitle "playchess.com"]
[Source "ChessBase"]
[SourceQuality "1"]
[WhiteTeam "Romania"]
[BlackTeam "Greece"]
[WhiteTeamCountry "ROU"]
[BlackTeamCountry "GRE"]
[TimeControl "40/5400+30:1800+30"]

1. e4 c5 2. Nf3 d6 3. d4 cxd4 4. Nxd4 Nf6 5. Nc3 a6 6. a4 e5 7. Nf3 Be7 8. Bg5
Be6 9. Bxf6 Bxf6 10. Nd5 Nd7 11. Bc4 Rc8 12. b3 Qa5+ 13. b4 Qd8 14. Bb3 a5 15.
b5 Nc5 16. Qe2 Nxb3 17. cxb3 Bxd5 18. exd5 O-O 19. Nd2 e4 20. Rd1 Bc3 21. O-O
f5 22. Nc4 Bb4 23. f3 Qe7 24. Kh1 Rce8 25. fxe4 fxe4 26. h3 g6 27. Rb1 h5 28.
Rbd1 Kh7 29. Rc1 Kg8 30. Rcd1 Rxf1+ 31. Rxf1 Rf8 32. Rxf8+ Kxf8 33. g4 h4 34.
Kg2 Kg7 35. Qb2+ Kg8 36. Qe2 Bc5 37. Nd2 e3 38. Nf3 Qe4 39. Qc4 Qb1 40. Qc3
Qa2+ 41. Kh1 Qb1+ 42. Kg2 e2 43. Ne1 Qe4+ 44. Qf3 Qe5 45. Qd3 Kg7 46. Kf3 Bb4
47. Qb1 Bd2 48. Kf2 Qe3+ 0-1